MARC details
| 000 -LEADER |
| fixed length control field |
02840cam a2200373 4500 |
| 001 - CONTROL NUMBER |
| control field |
7706745 |
| 003 - CONTROL NUMBER IDENTIFIER |
| control field |
OSt |
| 005 - DATE AND TIME OF LATEST TRANSACTION |
| control field |
20150916124313.0 |
| 008 - FIXED-LENGTH DATA ELEMENTS--GENERAL INFORMATION |
| fixed length control field |
010315s2001 dcua b 001 0 eng |
| 010 ## - LIBRARY OF CONGRESS CONTROL NUMBER |
| LC control number |
2001022631 |
| 020 ## - INTERNATIONAL STANDARD BOOK NUMBER |
| International Standard Book Number |
1557988102 (wiro) |
|
| Cancelled/invalid ISBN |
1557987904 (alk. paper) |
|
| International Standard Book Number |
1557987912 (pbk.) |
| 035 ## - SYSTEM CONTROL NUMBER |
| System control number |
(NNNPsI)349 |
|
| System control number |
(NNC)7706745 |
| 040 ## - CATALOGING SOURCE |
| Original cataloging agency |
DLC |
| Transcribing agency |
DLC |
| Modifying agency |
C#P |
| -- |
QP9 |
| -- |
VET |
| -- |
DNLM |
| -- |
OrLoB-B |
| 042 ## - AUTHENTICATION CODE |
| Authentication code |
pcc |
| 050 ## - LIBRARY OF CONGRESS CALL NUMBER |
| Classification number |
BF76.7 |
| Item number |
.P83 2001 |
| 060 10 - NATIONAL LIBRARY OF MEDICINE CALL NUMBER |
| Classification number |
WZ 345 |
| Item number |
P976 2001 |
|
| Classification number |
2001 N-022 |
| 082 00 - DEWEY DECIMAL CLASSIFICATION NUMBER |
| Classification number |
808/.06615 |
| Edition number |
21 |
| 245 00 - TITLE STATEMENT |
| Title |
Publication manual of the American Psychological Association. |
| 250 ## - EDITION STATEMENT |
| Edition statement |
5th ed. |
| 260 ## - PUBLICATION, DISTRIBUTION, ETC. (IMPRINT) |
| Place of publication, distribution, etc |
Washington, DC : |
| Name of publisher, distributor, etc |
American Psychological Association, |
| Date of publication, distribution, etc |
c2001. |
| 300 ## - PHYSICAL DESCRIPTION |
| Extent |
xxviii, 439 p. : |
| Other physical details |
ill. ; |
| Dimensions |
26 cm. |
| 504 ## - BIBLIOGRAPHY, ETC. NOTE |
| Bibliography, etc |
Includes bibliographical references (p. 363-377) and index. |
| 505 00 - FORMATTED CONTENTS NOTE |
| Miscellaneous information |
1. |
| Title |
Content and Organization of a Manuscript -- |
| -- |
Quality of Content -- |
| -- |
Characteristics of Articles -- |
| -- |
Parts of a Manuscript -- |
| -- |
Quality of Presentation -- |
| Miscellaneous information |
2. |
| Title |
Expressing Ideas and Reducing Bias in Language -- |
| -- |
Writing Style -- |
| -- |
Grammar -- |
| -- |
Guidelines to Reduce Bias in Language -- |
| Miscellaneous information |
3. |
| Title |
APA Editorial Style -- |
| -- |
Punctuation -- |
| -- |
Spelling -- |
| -- |
Capitalization -- |
| -- |
Italics -- |
| -- |
Abbreviations -- |
| -- |
Headings and Series -- |
| -- |
Quotations -- |
| -- |
Numbers -- |
| -- |
Metrication -- |
| -- |
Statistical and Mathematical Copy -- |
| -- |
Tables -- |
| -- |
Figures -- |
| -- |
Footnotes and Notes -- |
| -- |
Appendixes -- |
| -- |
Reference Citations in Text -- |
| Miscellaneous information |
4. |
| Title |
Reference List -- |
| Miscellaneous information |
5. |
| Title |
Manuscript Preparation and Sample Papers to be Submitted for Publication -- |
| -- |
The Author's Responsibilities -- |
| -- |
General Instructions for Preparing the Paper Manuscript -- |
| -- |
Instructions for Typing the Parts of a Manuscript -- |
| -- |
Sample Paper and Outlines -- |
| Miscellaneous information |
6. |
| Title |
Material Other Than Journal Articles -- |
| -- |
Theses, Dissertations, and Student Papers -- |
| -- |
Converting the Dissertation Into a Journal Article -- |
| -- |
Material for Oral Presentation -- |
| -- |
Material Published in Abbreviated Form -- |
| Miscellaneous information |
7. |
| Title |
Manuscript Acceptance and Production -- |
| -- |
Transmitting the Accepted Manuscript for Production -- |
| -- |
Reviewing the Copyedited Manuscript -- |
| -- |
Proofreading -- |
| -- |
After the Article is Published -- |
| Miscellaneous information |
8. |
| Title |
Journals Program of the American Psychological Association -- |
| -- |
Policies Governing the Journals -- |
| -- |
Editorial Management of Manuscripts -- |
| Miscellaneous information |
9. |
| Title |
Bibliography -- |
| Miscellaneous information |
App. A. |
| Title |
Checklist for Manuscript Submission -- |
| Miscellaneous information |
App. B. |
| Title |
Checklist for Transmitting Accepted Manuscripts for Electronic Production -- |
| Miscellaneous information |
App. C. |
| Title |
Ethical Standards for the Reporting and Publishing of Scientific Information -- |
| Miscellaneous information |
App. D. |
| Title |
References to Legal Materials. |
| 650 12 - SUBJECT ADDED ENTRY--TOPICAL TERM |
| Topical term or geographic name as entry element |
Writing. |
|
| Topical term or geographic name as entry element |
Authorship. |
|
| Topical term or geographic name as entry element |
Journalism, Medical. |
| 710 2# - ADDED ENTRY--CORPORATE NAME |
| Corporate name or jurisdiction name as entry element |
American Psychological Association. |
| 900 ## - EQUIVALENCE OR CROSS-REFERENCE-PERSONAL NAME [LOCAL, CANADA] |
| Numeration |
TOC |
| 942 ## - ADDED ENTRY ELEMENTS (KOHA) |
| Source of classification or shelving scheme |
Library of Congress Classification |
| Koha item type |
Long Loan Books |